All Men Swimming Records in SCY SCM LCM - Statistics

General Stats
  • This quiz has been taken 28 times
  • The average score is 41 of 62
Answer Stats
Hint Answer % Correct
500 Free (4:02.31) Leon Marchand
95%
200 Breast (1:46.35) Leon Marchand
95%
200 IM (1:36.34) Leon Marchand
95%
400 IM (3:28.82) Leon Marchand
95%
200 IM (1:48.88) Leon Marchand
95%
200 IM (1:52.69) Leon Marchand
95%
400 IM (4:02.50) Leon Marchand
95%
50 Free (17.63) Caeleb Dressel
91%
100 Fly (42.80) Caeleb Dressel
91%
100 IM (49.28) Caeleb Dressel
91%
100 Fly (49.45) Caeleb Dressel
91%
100 Free (39.83) Jordan Crooks
91%
50 Free (19.90) Jordan Crooks
91%
50 Free (20.88) Cam McEvoy
86%
200 Free Relay (1:21.80) USA
86%
400 Free Relay (3:01.66) USA
86%
800 Free Relay (6:40.51) USA
86%
400 Free Relay (3:08.24) USA
86%
800 Free Relay (6:58.55) USA
86%
400 Medley Relay (3:26.78) USA
86%
50 Breast (25.95) Adam Peaty
82%
100 Breast (56.88) Adam Peaty
82%
100 Back (43.20) Hubert Kos
77%
200 Back (1:34.21) Hubert Kos
77%
100 Back (48.16) Hubert Kos
77%
200 Back (1:45.12) Hubert Kos
77%
800 Free Relay (5:59.75) Cal
73%
400 Medley Relay (3:18.68) Neutral Athletes B
73%
1650 Free (14:12.08) Bobby Finke
68%
1500 Free (14:30.67) Bobby Finke
68%
100 Fly (47.68) Josh Liendo
68%
100 Free (46.40) Pan Zhanle
68%
100 Back (51.60) Thomas Ceccon
68%
800 Free (7:20.46) Daniel Wiffen
64%
200 Medley Relay (1:20.03) Florida
64%
400 Medley Relay (2:55.66) Florida
64%
200 Fly (1:50.34) Kristof Milak
64%
50 Fly (21.32) Noe Ponti
64%
200 Free (1:42.00) Paul Biedermann
64%
400 Free Relay (2:42.15) ASU
59%
100 Free (44.84) Kyle Chalmers
59%
200 Free (1:28.33) Luke Hobson
59%
200 Free (1:38.61) Luke Hobson
59%
200 Free Relay (1:12.80) Tennessee
59%
100 Breast (49.51) Julian Smith
55%
400 Free (3:39.96) Lukas Martens
55%
200 Breast (2:05.48) Qin Haiyang
55%
200 Back (1:51.92) Aaron Peirsol
50%
200 Breast (1:59.52) Casper Corbeau
45%
200 Medley Relay (1:29.72) Italy
41%
200 Fly (1:36.41) Luca Urlando
41%
50 Back (22.11) Kliment Kolesnikov
36%
50 Back (23.55) Kliment Kolesnikov
36%
1000 Free (8:32.83) Luka Mijatovic
36%
50 Fly (22.27) Andriy Govorov
32%
400 IM (3:54.81) Daiya Seto
27%
200 Fly (1:46.85) Tomoru Honda
23%
800 Free (7:32.12) Zhang Lin
23%
1500 Free (14:06.88) Florian Wellbrock
18%
50 Breast (24.95) Emre Sakci
14%
400 Free (3:32.25) Yannick Agnel
14%
100 Breast (55.28) Ilya Shymamovich
9%
No matching quizzes found
Score Distribution
Percent of People with Each Score
Percentile by Number Answered
Your Score History
You have not taken this quiz